000 00849pam a2200277 a 4500
001 3400208
003 OSt
005 20140310181705.0
008 890724r1990 mnu j 000 1 eng
010 _a 89037296
020 _a0886821941
040 _aDLC
_cDLC
_dDLC
042 _alcac
050 0 0 _aPZ 7
_b.J846 1990
082 0 0 _aKF
_bJ84e 1990
100 1 _aJoyce, James,
_d1882-1941.
_95919
245 1 0 _aEveline /
_cJames Joyce
260 _aMankato, MN :
_bCreative Education,
_cc1990.
300 _a31 p.
_c22 cm.
541 _j1
562 _e1
650 1 _aFathers and daughters
_xFiction.
_95920
906 _a7
_bcbc
_corignew
_d1
_eocip
_f19
_gy-gencatlg
942 _2lcc
_cBK-KF
_kKF
999 _c1285
_d1285